¿ Que queda de la representación política? /
שמור ב:
| מחבר ראשי: | |
|---|---|
| מחברים אחרים: | , , , , , , , , |
| פורמט: | לא ידוע |
| יצא לאור: |
CLACSO :
|
| נושאים: | |
| תגים: |
הוספת תג
אין תגיות, היה/י הראשונ/ה לתייג את הרשומה!
|
MARC
| LEADER | 00000 a2200000 04500 | ||
|---|---|---|---|
| 001 | 31681 | ||
| 003 | |||
| 008 | 991231s d | ||
| 040 | |||
| 020 | |a 980-317-031-7 | ||
| 022 | |a 980-317-031-7 | ||
| 090 | |a 198103 | ||
| 100 | |a dos Santos, Mario R. | ||
| 245 | |a ¿ Que queda de la representación política? / |c Mario R. dos Santos | ||
| 260 | |a CLACSO : | ||
| 300 | |a 152 p. | ||
| 650 | |a DEMOCRACIA | ||
| 650 | |a DEMOCRATIZACION | ||
| 650 | |a IDEOLOGIAS POLITICAS | ||
| 650 | |a SISTEMAS POLITICOS | ||
| 700 | |a | ||
| 700 | |a Calderón, Fernando | ||
| 700 | |a Grompone, ROmeo | ||
| 700 | |a Lechner, Norbert | ||
| 700 | |a Lefort, Claude | ||
| 700 | |a Loaeza, Soledad | ||
| 700 | |a Manin, Bernard | ||
| 700 | |a Rosanvallon, Pierre | ||
| 700 | |a Trindade, Hélgio | ||
| 700 | |a Vega, Juan Enrique | ||
| 999 | |c 13582 |d 13582 | ||



